José Enrique Rodó /

Vida y obra de José Enrique Rodó, escritor y filósofo uruguayo considerado uno de los pilares más sólidos de lc ultura moderna americana.

Na minha lista:
Detalhes bibliográficos
Autor principal: Camelo Torres, Salvador (autor)
Formato: Livro
Idioma:espanhol
Publicado em: México : Secretaría de Educación Pública, Subsecretaría de Asuntos Culturales, 1967, c1967
Colecção:(Cuadernos de Lectura Popular ; 126)
(La Honda del Espíritu)
Assuntos:
Tags: Adicionar Tag
Sem tags, seja o primeiro a adicionar uma tag!

MARC

LEADER 00000nam^a2200000^a^4500
001 000138043
005 20250521000000.0
009 20260310095415.03
037 |a Acervo ITESO - Biblioteca 
041 |a ESP 
082 |a 808. 88  |b CUA V. 126 
100 |a Camelo Torres, Salvador  |e (autor) 
245 1 0 |a José Enrique Rodó /  |c S. Camelo Torres. 
264 4 |a México :  |b Secretaría de Educación Pública, Subsecretaría de Asuntos Culturales,  |c 1967, c1967 
300 |a 53 p. 
336 |a texto  |b txt  |2 rdacontenido 
337 |a sin mediación  |b n  |2 rdamedio 
338 |a volumen  |b nc  |2 rdasoporte 
440 1 |a (Cuadernos de Lectura Popular ;  |v 126) 
440 4 |a (La Honda del Espíritu) 
520 |a Vida y obra de José Enrique Rodó, escritor y filósofo uruguayo considerado uno de los pilares más sólidos de lc ultura moderna americana. 
649 |a XX 
650 |a Escritores Uruguayos 
650 |a Modernismo (Literatura) 
650 |a Filosofía del Siglo XIX 
650 |a Filosofía del Siglo XX 
650 |a Filosofía -  |z Uruguay 
650 |a Literatura Uruguaya -  |y Siglo XIX 
650 |a Literatura Uruguaya -  |y Siglo XX 
650 |a Rodó, José Enrique 
910 |a Fondo Salvador Reynoso Reynoso 
920 |a Impresos - Libros 
930 |a Fondos Especiales 
940 |a Literatura 
905 |a 112 
901 |a 0800014056  |b IT2  |c ESP  |u 20250521 
902 |a https://opac.biblio.iteso.mx/vufind/Record/000138043